[Event "DEM U8w 2025"]
[Site "Willingen GER"]
[Date "2025.06.13"]
[Round "6"]
[White "Vescovi, Liv Linnea"]
[Black "Taris, Camille"]
[Result "1-0"]
[Termination "normal"]
[Board "8"]
[WhiteElo "847"]
[BlackElo "882"]
[WhiteClock "00:55:33"]
[BlackClock "00:58:02"]
[PlyCount "43"]
[WhiteFideId "533021678"]
[EventCountry "GER"]
[EventRounds "7"]
[EventType "swiss"]
[EventDate "2025.06.10"]

1. e4 {[%clk 01:00:29]} d5 {[%clk 01:00:22]} {[%emt 00:00:09]} 2. exd5 {[%clk
01:00:40]} {[%emt 00:00:05]} Qxd5 {[%clk 01:00:28]} {[%emt 00:00:07]} 3. Nc3
{[%clk 01:00:48]} {[%emt 00:00:08]} Qa5 {[%clk 01:00:36]} {[%emt 00:00:07]} 4.
d4 {[%clk 01:00:48]} {[%emt 00:00:15]} c6 {[%clk 01:00:44]} {[%emt 00:00:07]}
5. Bc4 {[%clk 01:00:31]} {[%emt 00:00:32]} Nf6 {[%clk 01:00:47]} {[%emt
00:00:12]} 6. Nf3 {[%clk 01:00:17]} {[%emt 00:00:29]} Bf5 {[%clk 01:00:54]}
{[%emt 00:00:08]} 7. O-O {[%clk 01:00:13]} {[%emt 00:00:19]} e6 {[%clk
01:01:01]} {[%emt 00:00:08]} 8. Bf4 {[%clk 00:59:23]} {[%emt 00:01:04]} Be7
{[%clk 01:01:01]} {[%emt 00:00:15]} 9. Qd2 {[%clk 00:58:58]} {[%emt 00:00:39]}
Qd8 {[%clk 01:00:57]} {[%emt 00:00:21]} 10. Rad1 {[%clk 00:58:32]} {[%emt
00:00:42]} O-O {[%clk 01:00:47]} {[%emt 00:00:25]} 11. h3 {[%clk 00:58:19]}
{[%emt 00:00:26]} Nbd7 {[%clk 01:00:37]} {[%emt 00:00:25]} 12. Nh4 {[%clk
00:58:01]} {[%emt 00:00:33]} b5 {[%clk 01:00:08]} {[%emt 00:00:45]} 13. Bd3
{[%clk 00:57:48]} {[%emt 00:00:26]} Bxd3 {[%clk 01:00:09]} {[%emt 00:00:15]}
14. Qxd3 {[%clk 00:57:55]} {[%emt 00:00:09]} Qa5 {[%clk 00:59:37]} {[%emt
00:00:46]} 15. Qg3 {[%clk 00:56:44]} {[%emt 00:01:26]} b4 {[%clk 00:59:07]}
{[%emt 00:00:47]} 16. Bh6 {[%clk 00:56:44]} {[%emt 00:00:14]} g6 {[%clk
00:58:58]} {[%emt 00:00:24]} 17. Ne2 {[%clk 00:56:02]} {[%emt 00:00:56]} Rfd8
{[%clk 00:59:01]} {[%emt 00:00:13]} 18. Nf4 {[%clk 00:55:47]} {[%emt 00:00:30]}
Nd5 {[%clk 00:58:47]} {[%emt 00:00:29]} 19. Nhxg6 {[%clk 00:55:22]} {[%emt
00:00:39]} fxg6 {[%clk 00:58:12]} {[%emt 00:00:49]} 20. Nxg6 {[%clk 00:55:23]}
{[%emt 00:00:16]} hxg6 {[%clk 00:58:10]} {[%emt 00:00:15]} 21. Qxg6+ {[%clk
00:55:27]} {[%emt 00:00:12]} Kh8 {[%clk 00:58:02]} {[%emt 00:00:24]} 22. Qg7#
{[%clk 00:55:33]} {[%emt 00:00:09]} 1-0

[Event "DEM U8w 2025"]
[Site "Willingen GER"]
[Date "2025.06.13"]
[Round "6"]
[White "Nguyen, Lena"]
[Black "Eßers, Elisabeth Greta"]
[Result "0-1"]
[Termination "normal"]
[Board "10"]
[WhiteElo "795"]
[BlackElo "849"]
[WhiteClock "00:32:17"]
[BlackClock "00:43:14"]
[PlyCount "79"]
[BlackFideId "533024979"]
[EventCountry "GER"]
[EventRounds "7"]
[EventType "swiss"]
[EventDate "2025.06.10"]

1. g3 {[%emt 00:00:04]} d5 {[%emt 00:00:09]} 2. d4 {[%clk 01:00:08]} {[%emt
00:00:07]} Nf6 {[%clk 01:00:13]} {[%emt 00:00:18]} 3. Bg2 {[%clk 00:59:25]}
{[%emt 00:00:59]} e6 {[%clk 01:00:12]} {[%emt 00:00:16]} 4. Bg5 {[%clk
00:59:04]} {[%emt 00:00:28]} Be7 {[%clk 01:00:06]} {[%emt 00:00:30]} 5. Nf3
{[%clk 00:59:06]} {[%emt 00:00:12]} h6 {[%clk 00:58:36]} {[%emt 00:01:45]} 6.
Bf4 {[%clk 00:59:04]} {[%emt 00:00:16]} g5 {[%clk 00:57:58]} {[%emt 00:00:54]}
7. Be5 {[%clk 00:58:51]} {[%emt 00:00:28]} Nc6 {[%clk 00:57:32]} {[%emt
00:00:42]} 8. Bxf6 {[%clk 00:58:29]} {[%emt 00:00:37]} Bxf6 {[%clk 00:57:28]}
{[%emt 00:00:18]} 9. O-O {[%clk 00:58:28]} {[%emt 00:00:16]} g4 {[%clk
00:57:09]} {[%emt 00:00:34]} 10. Nfd2 {[%clk 00:58:09]} {[%emt 00:00:34]} Nxd4
{[%emt 00:01:11]} 11. e3 {[%clk 00:57:40]} Nc6 {[%clk 00:56:31]} {[%emt
00:00:42]} 12. Qxg4 {[%clk 00:57:31]} {[%emt 00:00:24]} e5 {[%clk 00:55:56]}
{[%emt 00:00:50]} 13. Qh5 {[%clk 00:55:51]} {[%emt 00:01:53]} Nb4 {[%clk
00:54:53]} {[%emt 00:01:19]} 14. Nc3 {[%clk 00:55:18]} {[%emt 00:00:49]} Nxc2
{[%clk 00:54:20]} {[%emt 00:00:47]} 15. Bxd5 {[%clk 00:54:57]} {[%emt
00:00:37]} Rf8 {[%clk 00:54:13]} {[%emt 00:00:22]} 16. Rad1 {[%clk 00:54:24]}
{[%emt 00:00:46]} Qe7 {[%clk 00:53:16]} {[%emt 00:01:13]} 17. Qxh6 {[%clk
00:53:58]} {[%emt 00:00:39]} Rh8 {[%clk 00:52:28]} {[%emt 00:01:04]} 18. Qxh8+
{[%clk 00:49:56]} {[%emt 00:04:18]} Bxh8 {[%clk 00:52:10]} {[%emt 00:00:31]}
19. Rfe1 {[%clk 00:49:21]} {[%emt 00:00:52]} Nxe1 {[%clk 00:52:09]} {[%emt
00:00:16]} 20. Rxe1 {[%clk 00:49:27]} {[%emt 00:00:08]} c6 {[%clk 00:51:36]}
{[%emt 00:00:49]} 21. Bg2 {[%clk 00:49:06]} {[%emt 00:00:36]} Qd7 {[%clk
00:51:18]} {[%emt 00:00:33]} 22. Re2 {[%clk 00:48:49]} {[%emt 00:00:32]} Qd3
{[%clk 00:50:40]} {[%emt 00:00:53]} 23. Kf1 {[%clk 00:47:43]} {[%emt 00:01:21]}
Bg4 {[%clk 00:50:07]} {[%emt 00:00:48]} 24. f3 {[%emt 00:00:57]} Be6 {[%clk
00:49:37]} {[%emt 00:00:37]} 25. Kf2 {[%clk 00:45:43]} {[%emt 00:01:39]} b5
{[%clk 00:48:43]} {[%emt 00:01:12]} 26. a3 {[%clk 00:45:43]} {[%emt 00:00:15]}
a5 {[%clk 00:48:10]} {[%emt 00:00:48]} 27. f4 {[%clk 00:45:25]} {[%emt
00:00:31]} b4 {[%clk 00:48:05]} {[%emt 00:00:22]} 28. Na4 {[%clk 00:44:31]}
{[%emt 00:00:24]} Rc8 {[%clk 00:47:56]} {[%emt 00:01:08]} 29. Be4 {[%clk
00:43:49]} {[%emt 00:00:57]} Qb5 {[%clk 00:46:38]} {[%emt 00:01:32]} 30. b3
{[%clk 00:43:31]} {[%emt 00:00:35]} bxa3 {[%clk 00:46:15]} {[%emt 00:00:37]}
31. Bc2 {[%emt 00:02:19]} a2 {[%emt 00:00:24]} 32. Re1 {[%clk 00:40:08]} {[%emt
00:00:53]} Rc7 {[%clk 00:45:13]} {[%emt 00:01:19]} 33. Nc4 {[%clk 00:40:02]}
{[%emt 00:00:21]} Bxc4 {[%clk 00:45:00]} {[%emt 00:00:27]} 34. bxc4 {[%clk
00:36:43]} {[%emt 00:03:35]} Qxc4 {[%clk 00:44:31]} {[%emt 00:00:42]} 35. Rc1
{[%clk 00:36:11]} {[%emt 00:00:48]} a1=R {[%clk 00:44:14]} {[%emt 00:00:31]}
36. Rxa1 {[%clk 00:34:00]} {[%emt 00:02:28]} Qxc2+ {[%clk 00:43:38]} {[%emt
00:00:50]} 37. Kg1 {[%clk 00:33:15]} {[%emt 00:00:57]} exf4 {[%emt 00:00:42]}
38. Ra3 {[%clk 00:32:17]} {[%emt 00:00:49]} Re7 {[%clk 00:43:14]} {[%emt
00:00:40]} 39. gxf4 {[%emt 00:00:43]} Bd4 {[%emt 00:00:26]} 40. e4 {[%emt
00:01:26]} 0-1

[Event "DEM U8w 2025"]
[Site "Willingen GER"]
[Date "2025.06.13"]
[Round "6"]
[White "Troeder, Helena"]
[Black "Lesnik, Mara"]
[Result "0-1"]
[Termination "normal"]
[Board "11"]
[WhiteElo "778"]
[BlackElo "734"]
[WhiteClock "00:41:23"]
[BlackClock "00:52:08"]
[PlyCount "44"]
[BlackFideId "533032742"]
[EventCountry "GER"]
[EventRounds "7"]
[EventType "swiss"]
[EventDate "2025.06.10"]

1. e4 {[%clk 01:00:26]} {[%emt 00:00:04]} e6 {[%clk 01:00:14]} {[%emt
00:00:16]} 2. d4 {[%clk 01:00:33]} {[%emt 00:00:08]} d5 {[%clk 01:00:06]}
{[%emt 00:00:21]} 3. Nc3 {[%clk 01:00:40]} {[%emt 00:00:10]} c5 {[%clk
00:59:54]} {[%emt 00:00:20]} 4. dxc5 {[%clk 00:59:12]} {[%emt 00:01:50]} Bxc5
{[%emt 00:00:25]} 5. Nf3 {[%clk 00:56:59]} {[%emt 00:02:26]} dxe4 {[%clk
00:59:02]} {[%emt 00:00:56]} 6. Qxd8+ {[%clk 00:55:34]} {[%emt 00:01:58]} Kxd8
{[%clk 00:59:18]} {[%emt 00:00:12]} 7. Nxe4 {[%clk 00:55:30]} {[%emt 00:00:21]}
Be7 {[%clk 00:59:09]} {[%emt 00:00:22]} 8. Bc4 {[%clk 00:55:16]} {[%emt
00:00:31]} Nc6 {[%clk 00:58:54]} {[%emt 00:00:23]} 9. O-O {[%clk 00:54:21]}
{[%emt 00:01:18]} Nf6 {[%clk 00:58:30]} {[%emt 00:00:36]} 10. Bf4 {[%clk
00:52:35]} {[%emt 00:02:01]} Ke8 {[%clk 00:57:20]} {[%emt 00:03:59]} 11. Rad1
{[%clk 00:51:54]} {[%emt 00:00:45]} Nxe4 {[%clk 00:57:18]} {[%emt 00:00:16]}
12. Rfe1 {[%clk 00:49:46]} {[%emt 00:02:26]} Nf6 {[%clk 00:56:39]} {[%emt
00:00:32]} 13. a4 {[%clk 00:48:42]} {[%emt 00:01:41]} Nb4 {[%clk 00:55:46]}
{[%emt 00:00:21]} 14. Bb3 {[%clk 00:48:40]} {[%emt 00:01:02]} Ng4 {[%clk
00:55:33]} {[%emt 00:00:20]} 15. c3 {[%clk 00:47:51]} {[%emt 00:01:14]} Bc5
{[%clk 00:55:31]} {[%emt 00:00:14]} 16. Rf1 {[%clk 00:46:05]} {[%emt 00:02:23]}
Nxf2 {[%clk 00:54:33]} {[%emt 00:01:07]} 17. Rd2 {[%clk 00:46:10]} {[%emt
00:00:27]} Ne4+ {[%clk 00:52:48]} {[%emt 00:00:59]} 18. Kh1 {[%clk 00:46:09]}
{[%emt 00:01:51]} Nxd2 {[%clk 00:52:50]} {[%emt 00:00:12]} 19. Rd1 {[%clk
00:45:23]} {[%emt 00:01:01]} Nxf3 {[%clk 00:52:18]} {[%emt 00:00:43]} 20. gxf3
{[%clk 00:45:10]} {[%emt 00:00:31]} Bd7 {[%clk 00:52:08]} {[%emt 00:00:23]} 21.
a5 {[%clk 00:42:48]} {[%emt 00:02:41]} Bc6 {[%emt 00:00:26]} 22. c4 {[%clk
00:41:23]} {[%emt 00:01:25]} Bxf3# {[%emt 00:00:27]} 0-1

[Event "DEM U8w 2025"]
[Site "Willingen GER"]
[Date "2025.06.13"]
[Round "6"]
[White "Meier, Hanna"]
[Black "Beck, Fiona"]
[Result "0-1"]
[Termination "normal"]
[Board "12"]
[WhiteElo "718"]
[BlackElo "859"]
[WhiteClock "00:59:10"]
[BlackClock "00:58:38"]
[PlyCount "36"]
[EventCountry "GER"]
[EventRounds "7"]
[EventType "swiss"]
[EventDate "2025.06.10"]

1. e4 {[%clk 01:00:29]} e5 {[%clk 01:00:26]} {[%emt 00:00:05]} 2. Nc3 {[%clk
01:00:36]} {[%emt 00:00:08]} Bc5 {[%clk 01:00:21]} {[%emt 00:00:20]} 3. Qe2
{[%clk 01:00:27]} {[%emt 00:00:23]} Nf6 {[%clk 01:00:21]} {[%emt 00:00:15]} 4.
Nf3 {[%clk 01:00:26]} {[%emt 00:00:16]} d6 {[%clk 01:00:14]} {[%emt 00:00:21]}
5. Nd5 {[%clk 01:00:20]} {[%emt 00:00:23]} Nc6 {[%clk 00:59:43]} {[%emt
00:00:47]} 6. Nxf6+ {[%clk 01:00:23]} {[%emt 00:00:10]} gxf6 {[%clk 00:59:41]}
{[%emt 00:00:18]} 7. Qd1 {[%clk 01:00:07]} {[%emt 00:00:31]} Bg4 {[%clk
00:59:40]} {[%emt 00:00:15]} 8. Bb5 {[%clk 01:00:04]} {[%emt 00:00:18]} a6
{[%clk 00:59:38]} {[%emt 00:00:18]} 9. Bxc6+ {[%clk 01:00:02]} {[%emt
00:00:17]} bxc6 {[%clk 00:59:29]} {[%emt 00:00:21]} 10. O-O {[%clk 01:00:02]}
{[%emt 00:00:18]} Bh3 {[%clk 00:59:24]} {[%emt 00:00:20]} 11. gxh3 {[%clk
00:59:59]} {[%emt 00:00:19]} Rg8+ {[%clk 00:59:29]} {[%emt 00:00:09]} 12. Kh1
{[%clk 01:00:00]} {[%emt 00:00:14]} Qd7 {[%clk 00:59:05]} {[%emt 00:00:39]} 13.
Rg1 {[%clk 00:59:56]} {[%emt 00:00:18]} Ke7 {[%clk 00:58:58]} {[%emt 00:00:21]}
14. Rxg8 {[%clk 00:59:56]} {[%emt 00:00:16]} Rxg8 {[%clk 00:59:01]} {[%emt
00:00:14]} 15. d4 {[%clk 00:59:46]} {[%emt 00:00:25]} exd4 {[%clk 00:58:53]}
{[%emt 00:00:22]} 16. Nxd4 {[%clk 00:59:44]} {[%emt 00:00:16]} Qxh3 {[%clk
00:58:50]} {[%emt 00:00:18]} 17. Nxc6+ {[%clk 00:59:38]} {[%emt 00:00:23]} Kd7
{[%clk 00:58:48]} {[%emt 00:00:16]} 18. Na5 {[%clk 00:59:10]} {[%emt 00:00:35]}
Qg2# {[%clk 00:58:38]} {[%emt 00:00:31]} 0-1

[Event "DEM U8w 2025"]
[Site "Willingen GER"]
[Date "2025.06.13"]
[Round "6"]
[White "Shelest, Amina"]
[Black "Piatrushko, Alisa"]
[Result "0-1"]
[Termination "normal"]
[Board "13"]
[WhiteElo "778"]
[BlackElo "795"]
[WhiteClock "00:51:35"]
[BlackClock "00:53:22"]
[PlyCount "60"]
[EventCountry "GER"]
[EventRounds "7"]
[EventType "swiss"]
[EventDate "2025.06.10"]

1. e4 {[%clk 01:00:29]} e5 {[%clk 01:00:26]} {[%emt 00:00:04]} 2. Nf3 {[%clk
01:00:36]} {[%emt 00:00:07]} Nc6 {[%clk 01:00:35]} {[%emt 00:00:07]} 3. Nc3
{[%clk 01:00:48]} {[%emt 00:00:03]} Nf6 {[%clk 01:00:44]} {[%emt 00:00:07]} 4.
Bc4 {[%clk 01:00:42]} {[%emt 00:00:22]} Bc5 {[%clk 01:00:41]} {[%emt 00:00:17]}
5. d3 {[%clk 01:00:30]} {[%emt 00:00:26]} O-O {[%clk 01:00:35]} {[%emt
00:00:20]} 6. O-O {[%clk 01:00:36]} {[%emt 00:00:09]} d6 {[%clk 01:00:46]}
{[%emt 00:00:06]} 7. Bg5 {[%clk 01:00:38]} {[%emt 00:00:12]} Bg4 {[%clk
01:00:43]} {[%emt 00:00:18]} 8. h3 {[%clk 01:00:28]} {[%emt 00:00:24]} Bh5
{[%clk 01:00:50]} {[%emt 00:00:09]} 9. g4 {[%clk 01:00:28]} {[%emt 00:00:15]}
Bg6 {[%clk 01:00:58]} {[%emt 00:00:07]} 10. Nd5 {[%clk 01:00:24]} {[%emt
00:00:19]} Kh8 {[%clk 01:00:27]} {[%emt 00:00:46]} 11. Nxf6 {[%clk 01:00:09]}
{[%emt 00:00:29]} gxf6 {[%clk 01:00:26]} {[%emt 00:00:16]} 12. Qd2 {[%clk
00:59:08]} {[%emt 00:01:17]} fxg5 {[%clk 01:00:13]} {[%emt 00:00:26]} 13. Nxg5
{[%clk 00:58:57]} {[%emt 00:00:27]} h6 {[%clk 01:00:00]} {[%emt 00:00:22]} 14.
Nxf7+ {[%clk 00:58:40]} {[%emt 00:00:39]} Bxf7 {[%clk 00:59:51]} {[%emt
00:00:24]} 15. Bxf7 {[%clk 00:58:42]} {[%emt 00:00:13]} Rxf7 {[%clk 00:59:53]}
{[%emt 00:00:11]} 16. Qxh6+ {[%clk 00:57:54]} {[%emt 00:01:03]} Kg8 {[%clk
00:59:48]} {[%emt 00:00:21]} 17. g5 {[%clk 00:56:55]} {[%emt 00:01:14]} Rg7
{[%clk 00:59:31]} {[%emt 00:00:27]} 18. g6 {[%clk 00:56:21]} {[%emt 00:00:55]}
Qf6 {[%clk 00:58:55]} {[%emt 00:00:51]} 19. Kh1 {[%clk 00:55:40]} {[%emt
00:02:23]} Qf3+ {[%clk 00:57:55]} {[%emt 00:00:46]} 20. Kh2 {[%clk 00:54:45]}
{[%emt 00:01:10]} Bxf2 {[%clk 00:57:26]} {[%emt 00:00:44]} 21. Rxf2 {[%clk
00:54:41]} {[%emt 00:00:20]} Qxf2+ {[%clk 00:57:29]} {[%emt 00:00:11]} 22. Kh1
{[%clk 00:54:35]} {[%emt 00:00:22]} Ne7 {[%clk 00:57:26]} {[%emt 00:00:19]} 23.
Rg1 {[%clk 00:54:15]} {[%emt 00:00:34]} Rf8 {[%clk 00:56:20]} {[%emt 00:01:21]}
24. Rg2 {[%clk 00:54:08]} {[%emt 00:00:22]} Qf1+ {[%clk 00:56:16]} {[%emt
00:00:20]} 25. Kh2 {[%clk 00:54:05]} {[%emt 00:00:17]} Qe1 {[%clk 00:55:47]}
{[%emt 00:00:44]} 26. Rg4 {[%clk 00:53:54]} {[%emt 00:00:26]} Qf2+ {[%clk
00:54:34]} {[%emt 00:01:28]} 27. Kh1 {[%clk 00:53:57]} {[%emt 00:00:13]} Rf3
{[%clk 00:54:31]} {[%emt 00:00:18]} 28. Rh4 {[%clk 00:53:02]} {[%emt 00:01:10]}
Nxg6 {[%clk 00:53:27]} {[%emt 00:01:16]} 29. Rh5 {[%clk 00:51:48]} {[%emt
00:01:30]} Rg3 {[%clk 00:53:22]} {[%emt 00:00:21]} 30. Rf5 {[%clk 00:51:35]}
{[%emt 00:00:28]} Qg2# {[%emt 00:00:19]} 0-1

[Event "DEM U8w 2025"]
[Site "Willingen GER"]
[Date "2025.06.14"]
[Round "7"]
[White "Sydykova, Zarema"]
[Black "Lytvynenko, Sofi"]
[Result "1/2-1/2"]
[Termination "normal"]
[Board "1"]
[WhiteElo "1141"]
[BlackElo "1411"]
[WhiteClock "00:40:00"]
[BlackClock "00:36:14"]
[PlyCount "123"]
[BlackFideId "34689761"]
[EventCountry "GER"]
[EventRounds "7"]
[EventType "swiss"]
[EventDate "2025.06.10"]

1. e4 {[%clk 01:00:29]} c6 {[%clk 01:00:23]} {[%emt 00:00:07]} 2. d4 {[%clk
01:00:41]} {[%emt 00:00:04]} d5 {[%clk 01:00:31]} {[%emt 00:00:07]} 3. exd5
{[%clk 01:00:51]} {[%emt 00:00:04]} cxd5 {[%clk 01:00:36]} {[%emt 00:00:11]} 4.
Bd3 {[%clk 01:01:01]} {[%emt 00:00:06]} Nc6 {[%clk 01:00:42]} {[%emt 00:00:08]}
5. c3 {[%clk 01:01:08]} {[%emt 00:00:07]} Nf6 {[%clk 01:00:44]} {[%emt
00:00:14]} 6. Bf4 {[%clk 01:01:06]} {[%emt 00:00:16]} Bg4 {[%clk 01:00:24]}
{[%emt 00:00:34]} 7. Qb3 {[%clk 01:01:09]} {[%emt 00:00:12]} Qb6 {[%clk
01:00:09]} {[%emt 00:00:31]} 8. Qxb6 {[%clk 01:01:13]} {[%emt 00:00:12]} axb6
{[%clk 01:00:10]} {[%emt 00:00:14]} 9. Nd2 {[%clk 01:01:06]} {[%emt 00:00:21]}
e6 {[%clk 00:59:56]} {[%emt 00:00:29]} 10. Ngf3 {[%clk 01:01:05]} {[%emt
00:00:16]} Be7 {[%clk 00:59:28]} {[%emt 00:00:44]} 11. Bb5 {[%clk 01:00:27]}
{[%emt 00:00:53]} Rc8 {[%clk 00:58:20]} {[%emt 00:01:22]} 12. Ne5 {[%clk
01:00:25]} {[%emt 00:00:18]} O-O {[%clk 00:57:53]} {[%emt 00:00:41]} 13. O-O
{[%clk 01:00:14]} {[%emt 00:00:27]} Bf5 {[%clk 00:57:32]} {[%emt 00:00:36]} 14.
Bg5 {[%clk 00:59:45]} {[%emt 00:00:43]} Rfd8 {[%clk 00:56:50]} {[%emt
00:00:55]} 15. Ndf3 {[%clk 00:57:54]} {[%emt 00:02:09]} h6 {[%clk 00:54:34]}
{[%emt 00:02:31]} 16. Bxf6 {[%clk 00:57:55]} {[%emt 00:00:13]} Bxf6 {[%clk
00:54:40]} {[%emt 00:00:09]} 17. Bxc6 {[%clk 00:57:50]} {[%emt 00:00:21]} bxc6
{[%clk 00:54:39]} {[%emt 00:00:17]} 18. g4 {[%clk 00:56:18]} {[%emt 00:01:46]}
Be4 {[%clk 00:53:43]} {[%emt 00:01:10]} 19. Kg2 {[%clk 00:55:49]} {[%emt
00:00:44]} Be7 {[%clk 00:52:30]} {[%emt 00:01:29]} 20. Rfe1 {[%clk 00:55:06]}
{[%emt 00:00:57]} f6 {[%clk 00:51:28]} {[%emt 00:01:18]} 21. Ng6 {[%clk
00:53:37]} {[%emt 00:01:44]} Bxg6 {[%clk 00:50:33]} {[%emt 00:01:09]} 22. Rxe6
{[%clk 00:53:31]} {[%emt 00:00:21]} Bd6 {[%clk 00:50:21]} {[%emt 00:00:26]} 23.
Nh4 {[%clk 00:53:09]} {[%emt 00:00:38]} Bf7 {[%clk 00:49:22]} {[%emt 00:01:15]}
24. Ree1 {[%clk 00:53:01]} {[%emt 00:00:22]} Re8 {[%clk 00:49:21]} {[%emt
00:00:17]} 25. Nf5 {[%clk 00:52:38]} {[%emt 00:00:38]} Rxe1 {[%clk 00:48:18]}
{[%emt 00:01:19]} 26. Rxe1 {[%clk 00:52:43]} {[%emt 00:00:09]} Bf8 {[%clk
00:48:16]} {[%emt 00:00:16]} 27. Nh4 {[%clk 00:51:20]} {[%emt 00:01:38]} Re8
{[%clk 00:47:51]} {[%emt 00:00:41]} 28. Rb1 {[%clk 00:48:51]} {[%emt 00:02:43]}
Bd6 {[%clk 00:45:49]} {[%emt 00:02:18]} 29. Nf5 {[%clk 00:48:33]} {[%emt
00:00:33]} Bc7 {[%clk 00:45:51]} {[%emt 00:00:13]} 30. Nh4 {[%clk 00:47:55]}
{[%emt 00:00:52]} Be6 {[%clk 00:45:34]} {[%emt 00:00:31]} 31. h3 {[%clk
00:47:50]} {[%emt 00:00:21]} Bd7 {[%clk 00:45:12]} {[%emt 00:00:37]} 32. Rc1
{[%clk 00:44:46]} {[%emt 00:03:19]} b5 {[%clk 00:45:13]} {[%emt 00:00:14]} 33.
Rb1 {[%clk 00:44:29]} {[%emt 00:00:32]} Kf7 {[%clk 00:45:14]} {[%emt 00:00:15]}
34. b3 {[%clk 00:44:31]} {[%emt 00:00:13]} g6 {[%clk 00:44:17]} {[%emt
00:01:12]} 35. a4 {[%clk 00:44:35]} {[%emt 00:00:11]} Re2 {[%clk 00:43:49]}
{[%emt 00:00:43]} 36. axb5 {[%clk 00:44:32]} {[%emt 00:00:18]} cxb5 {[%clk
00:43:56]} {[%emt 00:00:08]} 37. Ra1 {[%clk 00:44:37]} {[%emt 00:00:10]} Bb6
{[%clk 00:43:27]} {[%emt 00:00:44]} 38. Ra6 {[%clk 00:44:40]} {[%emt 00:00:12]}
Re6 {[%clk 00:43:32]} {[%emt 00:00:11]} 39. Ra8 {[%clk 00:43:09]} {[%emt
00:01:44]} Re8 {[%clk 00:43:32]} {[%emt 00:00:16]} 40. Ra6 {[%clk 00:43:13]}
{[%emt 00:00:11]} Rb8 {[%clk 00:43:38]} {[%emt 00:00:10]} 41. Nf3 {[%clk
00:42:49]} {[%emt 00:00:38]} Bc8 {[%clk 00:43:37]} {[%emt 00:00:17]} 42. Ra1
{[%clk 00:42:51]} {[%emt 00:00:11]} Bb7 {[%clk 00:43:13]} {[%emt 00:00:40]} 43.
h4 {[%clk 00:42:26]} {[%emt 00:00:40]} Ra8 {[%clk 00:43:12]} {[%emt 00:00:17]}
44. Rb1 {[%clk 00:42:08]} {[%emt 00:00:32]} Re8 {[%clk 00:42:57]} {[%emt
00:00:30]} 45. c4 {[%clk 00:42:14]} {[%emt 00:00:09]} Bc6 {[%clk 00:42:29]}
{[%emt 00:00:44]} 46. c5 {[%clk 00:41:45]} {[%emt 00:00:44]} Bc7 {[%clk
00:42:17]} {[%emt 00:00:26]} 47. Ra1 {[%clk 00:41:32]} {[%emt 00:00:28]} Ra8
{[%clk 00:42:25]} {[%emt 00:00:07]} 48. Rb1 {[%clk 00:41:36]} {[%emt 00:00:10]}
Ra2 {[%clk 00:42:24]} {[%emt 00:00:17]} 49. g5 {[%clk 00:41:14]} {[%emt
00:00:36]} hxg5 {[%clk 00:42:06]} {[%emt 00:00:34]} 50. hxg5 {[%clk 00:41:17]}
{[%emt 00:00:10]} f5 {[%clk 00:42:12]} {[%emt 00:00:10]} 51. Rh1 {[%clk
00:41:10]} {[%emt 00:00:22]} Bb8 {[%clk 00:40:11]} {[%emt 00:02:18]} 52. Rh8
{[%clk 00:41:02]} {[%emt 00:00:21]} Ra8 {[%clk 00:40:15]} {[%emt 00:00:13]} 53.
Rxb8 {[%clk 00:40:13]} {[%emt 00:01:02]} Rxb8 {[%clk 00:40:13]} {[%emt
00:00:18]} 54. Ne5+ {[%clk 00:40:22]} {[%emt 00:00:06]} Ke6 {[%clk 00:40:09]}
{[%emt 00:00:18]} 55. Nxc6 {[%clk 00:40:29]} {[%emt 00:00:08]} Ra8 {[%clk
00:39:52]} {[%emt 00:00:33]} 56. Nb4 {[%clk 00:40:20]} {[%emt 00:00:23]} Rd8
{[%clk 00:39:24]} {[%emt 00:00:44]} 57. Nd3 {[%clk 00:40:20]} {[%emt 00:00:15]}
Kf7 {[%clk 00:38:38]} {[%emt 00:01:01]} 58. Ne5+ {[%clk 00:40:17]} {[%emt
00:00:17]} Kg7 {[%clk 00:38:37]} {[%emt 00:00:16]} 59. Nd3 {[%clk 00:40:17]}
{[%emt 00:00:16]} Rc8 {[%clk 00:37:29]} {[%emt 00:01:25]} 60. Nf4 {[%clk
00:40:09]} {[%emt 00:00:21]} Kf7 {[%clk 00:36:38]} {[%emt 00:01:06]} 61. Ne2
{[%clk 00:40:00]} {[%emt 00:00:46]} Ra8 {[%clk 00:36:14]} {[%emt 00:00:40]} 62.
Nc3 {[%emt 00:02:48]} 1/2-1/2